[Event "Hannover-chA"]
[Site "Lehrte"]
[Date "2016.10.04"]
[Round "7"]
[White "Klein, Florian"]
[Black "Ploog, Martin"]
[Result "1-0"]
[WhiteElo "1718"]
[BlackElo "2121"]
[PlyCount "95"]
[EventDate "2016.10.01"]
[EventType "swiss"]
[EventRounds "7"]
[EventCountry "GER"]
[SourceTitle "EXT 2020"]
[Source "ChessBase"]
[SourceDate "2019.10.17"]
[SourceVersion "1"]
[SourceVersionDate "2019.10.17"]
[SourceQuality "1"]

1. d4 Nf6 2. c4 e6 3. Nf3 d5 4. Bg5 Be7 5. Nc3 0-0 6. e3 h6 7. Bh4 b6 8. cxd5 Nxd5 9. Bxe7 Qxe7 10. Nxd5 exd5 11. Rc1 Be6 12. Qc2 Rc8 13. Bd3 c5 14. dxc5 bxc5 15. Nd4 Nd7 16. Ba6 Rd8 17. Nc6 Qd6 18. Nxd8 Rxd8 19. Bb5 c4 20. Bxd7 Rxd7 21. 0-0 Rb7 22. Rfd1 Qe5 23. b3 cxb3 24. axb3 Qg5 25. Rd2 Rb6 26. f4 Qf6 27. Qc3 Qg6 28. Qd3 Qf6 29. Rc7 a6 30. Ra7 Qf5 31. Qxf5 Bxf5 32. Rxd5 Be6 33. Ra8+ Kh7 34. Rdd8 Bxb3 35. Rab8 Rxb8 36. Rxb8 Bc4 37. Rb7 Kg6 38. e4 Bd3 39. f5+ Kf6 40. e5+ Kxf5 41. Rxf7+ Kxe5 42. Rxg7 Kd4 43. Rb7 Kc5 44. Kf2 a5 45. Ke3 Bg6 46. Rg7 Bb1 47. Ra7 Kb6 48. Ra8 1-0

[Event "Hannover-chA"]
[Site "Lehrte"]
[Date "2016.10.02"]
[Round "4"]
[White "Wittur, Helge"]
[Black "Klein, Florian"]
[Result "0-1"]
[WhiteElo "1967"]
[BlackElo "1718"]
[PlyCount "72"]
[EventDate "2016.10.01"]
[EventType "swiss"]
[EventRounds "7"]
[EventCountry "GER"]
[SourceTitle "EXT 2020"]
[Source "ChessBase"]
[SourceDate "2019.10.17"]
[SourceVersion "1"]
[SourceVersionDate "2019.10.17"]
[SourceQuality "1"]

1. e4 c5 2. c3 Nc6 3. Nf3 g6 4. Be2 Bg7 5. 0-0 e5 6. Na3 Nge7 7. d3 h6 8. Be3 d6 9. d4 cxd4 10. cxd4 exd4 11. Nxd4 0-0 12. Nc4 d5 13. Nxc6 bxc6 14. exd5 cxd5 15. Bf3 Be6 16. Nd2 d4 17. Bf4 Rc8 18. Qa4 Qb6 19. Rfd1 Rfd8 20. Rab1 Bf5 21. Be4 Bxe4 22. Nxe4 Qc6 23. Qxc6 Rxc6 24. Rd3 Nd5 25. Bd2 Rc2 26. a4 Re8 27. Ng3 Rb8 28. b3 Nc3 29. Bxc3 Rxc3 30. Rxc3 dxc3 31. b4 c2 32. Rc1 Rc8 33. Ne2 Bb2 34. Re1 Rd8 35. Kf1 Rd1 36. b5 Bc3 0-1

[Event "Hannover-chA"]
[Site "Lehrte"]
[Date "2016.10.01"]
[Round "1"]
[White "Klein, Florian"]
[Black "Polnau, Manuel"]
[Result "0-1"]
[WhiteElo "1718"]
[BlackElo "2021"]
[PlyCount "40"]
[EventDate "2016.10.01"]
[EventType "swiss"]
[EventRounds "7"]
[EventCountry "GER"]
[SourceTitle "EXT 2020"]
[Source "ChessBase"]
[SourceDate "2019.10.17"]
[SourceVersion "1"]
[SourceVersionDate "2019.10.17"]
[SourceQuality "1"]

1. d4 Nf6 2. c4 g6 3. Nc3 Bg7 4. e4 d6 5. f3 0-0 6. Nge2 Nc6 7. Bg5 a6 8. Rc1 Rb8 9. Nd5 Nxd5 10. cxd5 Na7 11. a4 c6 12. dxc6 bxc6 13. Qc2 c5 14. Be3 Nc6 15. e5 Bf5 16. Qc4 Rxb2 17. exd6 exd6 18. dxc5 Ne5 19. Qxa6 Nd3+ 20. Kd1 dxc5 0-1

[Event "Hannover-chC"]
[Site "Lehrte"]
[Date "2015.11.01"]
[Round "7"]
[White "Daemmig, Matthias"]
[Black "Klein, Florian"]
[Result "1-0"]
[WhiteElo "2072"]
[BlackElo "1693"]
[PlyCount "59"]
[EventDate "2015.10.29"]
[EventType "swiss"]
[EventRounds "7"]
[EventCountry "GER"]
[SourceTitle "EXT 2021"]
[Source "ChessBase"]
[SourceDate "2020.10.23"]
[SourceVersion "1"]
[SourceVersionDate "2020.10.23"]
[SourceQuality "1"]

1. d4 d5 2. Nc3 Nf6 3. Bg5 e6 4. e4 Be7 5. e5 Nfd7 6. h4 c5 7. Nb5 0-0 8. Bxe7 Qxe7 9. Nc7 cxd4 10. Nxa8 Qb4+ 11. Qd2 Qxb2 12. Rd1 Qxa2 13. c4 Qxd2+ 14. Rxd2 dxc4 15. Bxc4 Nxe5 16. Be2 Rd8 17. f4 Ng6 18. g3 Nc6 19. Nf3 e5 20. h5 e4 21. hxg6 exf3 22. gxf7+ Kxf7 23. Bxf3 Re8+ 24. Kf2 Bf5 25. Nc7 Rc8 26. Nb5 Rd8 27. Bxc6 bxc6 28. Rxd4 Rxd4 29. Nxd4 Be4 30. Rc1 1-0

[Event "Hannover-chC"]
[Site "Lehrte"]
[Date "2015.10.29"]
[Round "2"]
[White "Klein, Florian"]
[Black "Wittur, Helge"]
[Result "1-0"]
[WhiteElo "1693"]
[BlackElo "1903"]
[PlyCount "57"]
[EventDate "2015.10.29"]
[EventType "swiss"]
[EventRounds "7"]
[EventCountry "GER"]
[SourceTitle "EXT 2021"]
[Source "ChessBase"]
[SourceDate "2020.10.23"]
[SourceVersion "1"]
[SourceVersionDate "2020.10.23"]
[SourceQuality "1"]

1. d4 Nf6 2. c4 g6 3. Nc3 Bg7 4. e4 d6 5. f3 0-0 6. Bd3 Nc6 7. Nge2 e5 8. d5 Ne7 9. Qc2 Nd7 10. g4 Nc5 11. Be3 a5 12. 0-0-0 Bd7 13. h4 h6 14. Ng3 c6 15. Qd2 cxd5 16. Nxd5 Nxd5 17. exd5 Nxd3+ 18. Qxd3 f5 19. gxf5 gxf5 20. Nh5 Qe8 21. Nxg7 Kxg7 22. Rdg1+ Kh7 23. h5 Rf6 24. Rg6 Qe7 25. Rhg1 Be8 26. Rxh6+ Rxh6 27. Qxf5+ Kh8 28. Bxh6 Bd7 29. Qg6 1-0

[Event "Niedersachsen-ch op-A"]
[Site "Verden"]
[Date "2015.01.05"]
[Round "7"]
[White "Finke, Harald"]
[Black "Klein, Florian"]
[Result "1-0"]
[WhiteElo "1928"]
[BlackElo "1661"]
[PlyCount "47"]
[EventDate "2015.01.02"]
[EventType "swiss"]
[EventRounds "7"]
[EventCountry "GER"]
[SourceTitle "EXT 2018"]
[Source "ChessBase"]
[SourceDate "2017.10.13"]
[SourceVersion "1"]
[SourceVersionDate "2017.10.13"]
[SourceQuality "1"]

1. d4 d5 2. Nf3 e6 3. Bf4 Nf6 4. e3 c5 5. c3 Nc6 6. Be2 cxd4 7. exd4 Bd6 8. Bg3 0-0 9. Nbd2 a6 10. Ne5 Qc7 11. f4 Nd7 12. 0-0 f6 13. Nd3 b5 14. Rc1 Bb7 15. Bf3 Nb6 16. b4 e5 17. fxe5 fxe5 18. Nc5 Rf6 19. Re1 Re8 20. Qb3 Nd8 21. Nxb7 Nxb7 22. Bxd5+ Kh8 23. Bxb7 Qxb7 24. dxe5 1-0

[Event "Niedersachsen-ch op-A"]
[Site "Verden"]
[Date "2015.01.04"]
[Round "6"]
[White "Klein, Florian"]
[Black "Schoenfeld, Dietmar"]
[Result "1/2-1/2"]
[WhiteElo "1661"]
[BlackElo "1964"]
[PlyCount "87"]
[EventDate "2015.01.02"]
[EventType "swiss"]
[EventRounds "7"]
[EventCountry "GER"]
[SourceTitle "EXT 2018"]
[Source "ChessBase"]
[SourceDate "2017.10.13"]
[SourceVersion "1"]
[SourceVersionDate "2017.10.13"]
[SourceQuality "1"]

1. d4 Nf6 2. Nf3 g6 3. c4 Bg7 4. Nc3 0-0 5. e4 d6 6. h3 e5 7. d5 Nbd7 8. Bg5 h6 9. Be3 a5 10. Be2 Ne8 11. Qd2 Kh7 12. g4 Nc5 13. g5 hxg5 14. Nxg5+ Kg8 15. 0-0-0 f6 16. Nf3 f5 17. Bg5 Nf6 18. Nh4 Qe8 19. Bxf6 Rxf6 20. Qg5 Kh7 21. Kc2 Qf7 22. Nf3 Bh6 23. Qh4 Kg7 24. Rdg1 fxe4 25. Ng5 Bxg5 26. Qxg5 Rxf2 27. Rf1 Rf4 28. h4 Qf6 29. Qg3 Bd7 30. Rhg1 Rxf1 31. Rxf1 Bf5 32. Bg4 Kh7 33. h5 Qg5 34. hxg6+ Bxg6 35. Qh3+ Qh6 36. Qg2 Rf8 37. Rh1 Rf2+ 38. Qxf2 Qxh1 39. Bf5 Qh5 40. Bxg6+ Qxg6 41. Qh4+ Kg7 42. Qe7+ Qf7 43. Qg5+ Kf8 44. Qd8+ 1/2-1/2

[Event "Niedersachsen-ch op-A"]
[Site "Verden"]
[Date "2015.01.02"]
[Round "2"]
[White "Klein, Florian"]
[Black "Eickhoff, Hermann"]
[Result "1/2-1/2"]
[WhiteElo "1661"]
[BlackElo "1962"]
[PlyCount "100"]
[EventDate "2015.01.02"]
[EventType "swiss"]
[EventRounds "7"]
[EventCountry "GER"]
[SourceTitle "EXT 2018"]
[Source "ChessBase"]
[SourceDate "2017.10.13"]
[SourceVersion "1"]
[SourceVersionDate "2017.10.13"]
[SourceQuality "1"]

1. d4 g6 2. c4 Bg7 3. e4 d6 4. Nc3 c6 5. Nf3 Nd7 6. g3 e5 7. Bg2 Qc7 8. 0-0 Ngf6 9. a3 0-0 10. d5 a5 11. h3 Nc5 12. Qc2 a4 13. Be3 Nb3 14. Rad1 cxd5 15. cxd5 Bd7 16. Qd3 Rfc8 17. Nd2 Nc5 18. Bxc5 Qxc5 19. Rc1 Nh5 20. Ne2 Bb5 21. Rxc5 Bxd3 22. Rxc8+ Rxc8 23. Rc1 Rxc1+ 24. Nxc1 Bb5 25. Na2 Bh6 26. Nc3 Bd7 27. Nc4 Bc1 28. Kf1 b5 29. Nxd6 Bxb2 30. Ncxb5 f5 31. exf5 gxf5 32. Bf3 Nf6 33. Be2 Kf8 34. Nc4 Bxb5 35. Nxb2 Bxe2+ 36. Kxe2 Nxd5 37. Nxa4 Ke7 38. Kd3 Kd6 39. Nc3 Nb6 40. g4 fxg4 41. hxg4 Nd7 42. Ke4 Ke6 43. a4 h6 44. f3 Nc5+ 45. Ke3 Nb3 46. Ne4 Ke7 47. Kd3 Ke6 48. Kc3 Nd4 49. a5 Nxf3 50. a6 Nd4 1/2-1/2

[Event "GER-chT U16"]
[Site "Magdeburg"]
[Date "2014.12.29"]
[Round "6.3"]
[White "Le, Kim Anh"]
[Black "Klein, Florian"]
[Result "0-1"]
[WhiteElo "1269"]
[BlackElo "1611"]
[PlyCount "36"]
[EventDate "2014.12.27"]
[EventType "team-swiss"]
[EventRounds "7"]
[EventCountry "GER"]
[SourceTitle "EXT 2016"]
[Source "ChessBase"]
[SourceDate "2015.10.08"]
[SourceVersion "1"]
[SourceVersionDate "2015.10.08"]
[SourceQuality "1"]
[WhiteTeam "Gernsheim"]
[BlackTeam "Lehrte"]
[WhiteTeamCountry "GER"]
[BlackTeamCountry "GER"]

1. e4 c5 2. Nf3 Nc6 3. d4 cxd4 4. Nxd4 g6 5. Be3 Bg7 6. Qd2 Nf6 7. Nc3 0-0 8. 0-0-0 Ng4 9. Nxc6 bxc6 10. Bd4 Bh6 11. f4 e5 12. Be3 Nxe3 13. Qxe3 Bxf4 14. Rd3 Bxe3+ 15. Rxe3 Qg5 16. Kd2 Rd8 17. h4 Qh6 18. Rhh3 d5 0-1

[Event "Niedersachsen-ch U18"]
[Site "Norderney"]
[Date "2014.04.14"]
[Round "5"]
[White "Klein, Florian"]
[Black "Remmert, Julian"]
[Result "0-1"]
[WhiteElo "1720"]
[BlackElo "1775"]
[PlyCount "64"]
[EventDate "2014.04.??"]
[EventType "swiss"]
[EventRounds "9"]
[EventCountry "GER"]
[SourceTitle "EXT 2017"]
[Source "ChessBase"]
[SourceDate "2016.10.25"]
[SourceVersion "1"]
[SourceVersionDate "2016.10.25"]
[SourceQuality "1"]

1. e4 c5 2. c4 Nc6 3. Nc3 e6 4. g3 Nge7 5. Bg2 g6 6. Nge2 Bg7 7. 0-0 0-0 8. f4 a6 9. h3 d6 10. Kh2 f5 11. d3 Rb8 12. a4 Qa5 13. Bd2 Qb6 14. b3 Nb4 15. Be1 Bd7 16. g4 Bc6 17. Rb1 Rbd8 18. Bh4 Rd7 19. Bxe7 Rxe7 20. Qd2 fxg4 21. hxg4 Ref7 22. Rf2 Qd8 23. Bh3 Bd7 24. Rbf1 Nc6 25. f5 Qh4 26. Ng3 Be5 27. Nce2 Nd4 28. Nxd4 Bxg3+ 29. Kg2 cxd4 30. Rf3 Be5 31. Qe2 exf5 32. exf5 Bc6 0-1

[Event "Niedersachsen-ch U18"]
[Site "Norderney"]
[Date "2014.04.13"]
[Round "3"]
[White "Seidenstuecker, Hans Lennart"]
[Black "Klein, Florian"]
[Result "0-1"]
[WhiteElo "1341"]
[BlackElo "1720"]
[PlyCount "50"]
[EventDate "2014.04.??"]
[EventType "swiss"]
[EventRounds "9"]
[EventCountry "GER"]
[SourceTitle "EXT 2017"]
[Source "ChessBase"]
[SourceDate "2016.10.25"]
[SourceVersion "1"]
[SourceVersionDate "2016.10.25"]
[SourceQuality "1"]

1. b3 e5 2. Bb2 Nc6 3. c4 d6 4. g3 g6 5. Nc3 Bg7 6. Bg2 Nge7 7. e3 0-0 8. Nge2 Be6 9. 0-0 Qd7 10. d4 Bh3 11. d5 Bxg2 12. Kxg2 Nd8 13. Qc2 f5 14. Na4 Nf7 15. f4 Rae8 16. e4 fxe4 17. Qxe4 Nf5 18. fxe5 Bxe5 19. Qd3 Bxb2 20. Nxb2 Ne3+ 21. Kg1 Nxf1 22. Rxf1 Ne5 23. Rxf8+ Rxf8 24. Qe3 Qf5 25. Qf4 Qb1+ 0-1

[Event "Hannover-ch U16"]
[Site "Lehrte"]
[Date "2013.10.18"]
[Round "4"]
[White "Thieu, Nguyen Gia Luat"]
[Black "Klein, Florian"]
[Result "1/2-1/2"]
[WhiteElo "1666"]
[BlackElo "1573"]
[PlyCount "49"]
[EventDate "2013.10.17"]
[EventType "swiss"]
[EventRounds "7"]
[EventCountry "GER"]
[SourceTitle "EXT 2021"]
[Source "ChessBase"]
[SourceDate "2020.10.23"]
[SourceVersion "1"]
[SourceVersionDate "2020.10.23"]
[SourceQuality "1"]

1. e4 d6 2. d4 Nf6 3. Nc3 g6 4. Be3 Bg7 5. f3 0-0 6. Qd2 Re8 7. Nge2 Nbd7 8. Bh6 Bh8 9. g4 c5 10. d5 Ne5 11. Bg2 Nc4 12. Qc1 Qa5 13. h4 b5 14. h5 b4 15. Nd1 Ba6 16. hxg6 fxg6 17. Bg5 Bg7 18. Bh6 Bh8 19. Bg5 b3+ 20. Nec3 bxc2 21. Qxc2 Ne5 22. Kf2 Nd3+ 23. Kg3 c4 24. Bf1 Nd7 25. Qh2 1/2-1/2

[Event "GER-chT North U16"]
[Site "Greifswald"]
[Date "2013.09.12"]
[Round "1.2"]
[White "Klein, Florian"]
[Black "Hammann, Jonas"]
[Result "0-1"]
[WhiteElo "1634"]
[BlackElo "1859"]
[PlyCount "94"]
[EventDate "2013.09.12"]
[EventType "team-swiss"]
[EventRounds "7"]
[EventCountry "GER"]
[SourceTitle "EXT 2014"]
[Source "ChessBase"]
[SourceDate "2013.11.20"]
[SourceVersion "1"]
[SourceVersionDate "2013.11.20"]
[SourceQuality "1"]
[WhiteTeam "Lehrte"]
[BlackTeam "Stade"]
[WhiteTeamCountry "GER"]
[BlackTeamCountry "GER"]

1. f4 d5 2. Nf3 Nf6 3. e3 c5 4. Bb5+ Nc6 5. b3 Bd7 6. Bb2 e6 7. d3 a6 8. Bxc6 Bxc6 9. Nbd2 Be7 10. 0-0 0-0 11. Qe1 b5 12. Ne5 Bb7 13. g4 Nd7 14. Nef3 Rc8 15. g5 Re8 16. Qh4 Nb8 17. Qg4 Nc6 18. h4 d4 19. h5 Qd5 20. e4 Qd6 21. g6 fxg6 22. hxg6 h6 23. e5 Qd7 24. Ne4 Nb4 25. Rf2 Nd5 26. Nfg5 Bxg5 27. fxg5 Ne3 28. Qh3 Bxe4 29. dxe4 Qe7 30. gxh6 Qg5+ 31. Kh1 Qxh6 32. Qxh6 gxh6 33. Rg1 Rf8 34. Rf6 Rce8 35. Bc1 Kg7 36. c3 Rxf6 37. exf6+ Kxf6 38. cxd4 cxd4 39. Bb2 e5 40. Rc1 Re6 41. Rg1 Kg7 42. Ba3 Rxg6 43. Bf8+ Kf7 44. Bb4 Rxg1+ 45. Kxg1 Nd1 46. Bd2 h5 47. Kg2 Nc3 0-1

[Event "Niedersachsen-ch U18"]
[Site "Rotenburg"]
[Date "2013.03.29"]
[Round "9"]
[White "Klein, Florian"]
[Black "Mai, Robin Jannis"]
[Result "0-1"]
[WhiteElo "1515"]
[BlackElo "1707"]
[PlyCount "78"]
[EventDate "2013.03.23"]
[EventType "swiss"]
[EventRounds "9"]
[EventCountry "GER"]
[SourceTitle "EXT 2015"]
[Source "ChessBase"]
[SourceDate "2014.11.20"]
[SourceVersion "1"]
[SourceVersionDate "2014.11.20"]
[SourceQuality "1"]

1. d4 Nf6 2. c4 c5 3. d5 e6 4. Nc3 exd5 5. Nxd5 Nxd5 6. Qxd5 Nc6 7. Nf3 Nb4 8. Qd2 Qa5 9. Kd1 Be7 10. b3 d5 11. cxd5 Bf5 12. Bb2 0-0-0 13. Ne5 Rxd5 14. Nd3 Rhd8 15. Bc3 Qa6 16. Bxb4 cxb4 17. Ke1 Bf6 18. Rc1+ Bc3 19. Nxb4 Qc6 20. Rxc3 Rxd2 21. Rxc6+ bxc6 22. f3 Kb7 23. e4 Be6 24. Rg1 a5 25. Ba6+ Kb6 26. Nd5+ cxd5 27. Kxd2 Kxa6 28. Ke3 dxe4 29. fxe4 Rc8 30. Kd3 Kb5 31. h3 Kb4 32. Rf1 Ka3 33. Rf2 Rc1 34. Kd2 Ra1 35. Kc3 Rxa2 36. Rxa2+ Kxa2 37. b4 axb4+ 38. Kxb4 Kb2 39. Kc5 Kc3 0-1

[Event "Niedersachsen-ch U18"]
[Site "Rotenburg"]
[Date "2013.03.28"]
[Round "8"]
[White "Spieker, Christine"]
[Black "Klein, Florian"]
[Result "1/2-1/2"]
[WhiteElo "1660"]
[BlackElo "1515"]
[PlyCount "110"]
[EventDate "2013.03.23"]
[EventType "swiss"]
[EventRounds "9"]
[EventCountry "GER"]
[SourceTitle "EXT 2015"]
[Source "ChessBase"]
[SourceDate "2014.11.20"]
[SourceVersion "1"]
[SourceVersionDate "2014.11.20"]
[SourceQuality "1"]

1. Nf3 d5 2. c4 d4 3. b4 f6 4. e3 e5 5. exd4 e4 6. Qe2 f5 7. Bb2 Bxb4 8. g3 Ne7 9. Ne5 Nbc6 10. Nxc6 bxc6 11. Bg2 Rb8 12. Bc3 Bxc3 13. dxc3 Ba6 14. 0-0 Nd5 15. f3 Rxb1 16. Raxb1 Nxc3 17. Qe3 Nxb1 18. Rxb1 0-0 19. fxe4 fxe4 20. Qxe4 Bxc4 21. Rc1 Bd5 22. Qe3 Bxg2 23. Kxg2 Re8 24. Qf2 Qd5+ 25. Kg1 Re4 26. Rb1 h6 27. Rb8+ Kh7 28. Rd8 Qe6 29. Kf1 Qg4 30. Qc2 Qf3+ 31. Kg1 Qe3+ 32. Qf2 Qe1+ 33. Qxe1 Rxe1+ 34. Kf2 Ra1 35. Rd7 Rxa2+ 36. Kg1 Rd2 37. Rxc7 Rxd4 38. Rxa7 c5 39. Rc7 c4 40. Kf2 Kg6 41. Ke3 Rg4 42. Kf3 h5 43. Ke3 Kf6 44. Rc6+ Ke7 45. Kd2 Kd7 46. Rc5 h4 47. Kc3 hxg3 48. hxg3 Rxg3+ 49. Kxc4 Ke6 50. Kd4 g5 51. Ke4 Rg4+ 52. Kf3 Rf4+ 53. Kg3 Kf6 54. Rb5 Rf5 55. Rb6+ Kg7 1/2-1/2

[Event "Niedersachsen-ch U18"]
[Site "Rotenburg"]
[Date "2013.03.27"]
[Round "6"]
[White "Hans, Julian"]
[Black "Klein, Florian"]
[Result "1/2-1/2"]
[WhiteElo "1707"]
[BlackElo "1515"]
[PlyCount "42"]
[EventDate "2013.03.23"]
[EventType "swiss"]
[EventRounds "9"]
[EventCountry "GER"]
[SourceTitle "EXT 2015"]
[Source "ChessBase"]
[SourceDate "2014.11.20"]
[SourceVersion "1"]
[SourceVersionDate "2014.11.20"]
[SourceQuality "1"]

1. e4 e6 2. d4 d5 3. Bd3 c5 4. exd5 exd5 5. Nf3 Nf6 6. 0-0 Nc6 7. Re1+ Be6 8. Bf5 Qd7 9. c3 cxd4 10. Nxd4 Nxd4 11. Qxd4 b6 12. Qe5 Bd6 13. Bxe6 Qxe6 14. Qxe6+ fxe6 15. Rxe6+ Kd7 16. Re1 Rhe8 17. Rf1 Re2 18. Nd2 Ng4 19. Nf3 Bc5 20. Nd4 Bxd4 21. cxd4 Rc8 1/2-1/2

[Event "Niedersachsen-ch op-C"]
[Site "Verden"]
[Date "2013.01.05"]
[Round "6"]
[White "Klein, Florian"]
[Black "Schneider, Waldemar"]
[Result "1-0"]
[WhiteElo "1449"]
[BlackElo "1850"]
[PlyCount "65"]
[EventDate "2013.01.03"]
[EventType "swiss"]
[EventRounds "7"]
[EventCountry "GER"]
[SourceTitle "EXT 2021"]
[Source "ChessBase"]
[SourceDate "2020.10.23"]
[SourceVersion "1"]
[SourceVersionDate "2020.10.23"]
[SourceQuality "1"]

1. d4 Nf6 2. c4 g6 3. Nc3 Bg7 4. e4 d6 5. Nf3 0-0 6. g3 c5 7. d5 Nbd7 8. Bg2 Nb6 9. Qe2 e5 10. Bg5 h6 11. Be3 a6 12. 0-0 Ng4 13. b3 f5 14. Nh4 Kh7 15. exf5 gxf5 16. Rac1 Bf6 17. Nf3 e4 18. Nd2 Qe7 19. Bf4 Ne5 20. Qh5 Qg7 21. Ndxe4 fxe4 22. Bxe4+ Ng6 23. Bxg6+ Qxg6 24. Qxg6+ Kxg6 25. Bxd6 Rf7 26. Bxc5 Nd7 27. Bd6 Ne5 28. Ne4 Bh3 29. Bxe5 Bxe5 30. Rfe1 Bd4 31. Rcd1 Ba7 32. c5 Rc8 33. Nd6 1-0

[Event "Niedersachsen-ch op-C"]
[Site "Verden"]
[Date "2013.01.05"]
[Round "5"]
[White "Krater, Ruwen"]
[Black "Klein, Florian"]
[Result "1/2-1/2"]
[WhiteElo "1630"]
[BlackElo "1449"]
[PlyCount "66"]
[EventDate "2013.01.03"]
[EventType "swiss"]
[EventRounds "7"]
[EventCountry "GER"]
[SourceTitle "EXT 2021"]
[Source "ChessBase"]
[SourceDate "2020.10.23"]
[SourceVersion "1"]
[SourceVersionDate "2020.10.23"]
[SourceQuality "1"]

1. e4 c6 2. d4 d5 3. exd5 cxd5 4. c4 Nf6 5. Nc3 Bf5 6. Nf3 e6 7. Bg5 Be7 8. Qa4+ Nc6 9. Ne5 Qb6 10. c5 Qxb2 11. Rc1 Ne4 12. Nd3 Nxc3 13. Qxc6+ bxc6 14. Nxb2 Nxa2 15. Ra1 Bxg5 16. Rxa2 Bf6 17. Bd3 Bxd3 18. Nxd3 Bxd4 19. Ke2 e5 20. Ra4 Ke7 21. Rb1 Rhd8 22. f4 f6 23. g4 Bc3 24. g5 exf4 25. gxf6+ Bxf6 26. Nxf4 g5 27. Nd3 Kf8 28. Rb7 Re8+ 29. Kf3 Re7 30. Rxe7 Kxe7 31. Ra6 Kd7 32. Nb4 Bd4 33. Rxc6 Rf8+ 1/2-1/2

[Event "Hannover-ch U16/18"]
[Site "Lehrte"]
[Date "2012.10.23"]
[Round "3"]
[White "Beyer, Maximilian"]
[Black "Klein, Florian"]
[Result "0-1"]
[WhiteElo "846"]
[BlackElo "1502"]
[PlyCount "52"]
[EventDate "2012.10.23"]
[EventType "swiss"]
[EventRounds "7"]
[EventCountry "GER"]
[SourceTitle "EXT 2021"]
[Source "ChessBase"]
[SourceDate "2020.10.23"]
[SourceVersion "1"]
[SourceVersionDate "2020.10.23"]
[SourceQuality "1"]

1. e4 c5 2. Nc3 e6 3. d3 Nc6 4. Nf3 d6 5. Be3 Nf6 6. g3 Be7 7. Bg2 a6 8. 0-0 b5 9. a3 0-0 10. Qd2 Bb7 11. Na2 Ng4 12. c4 Nxe3 13. Qxe3 Bf6 14. Rab1 Nd4 15. cxb5 axb5 16. Nxd4 Bxd4 17. Qc1 b4 18. Nc3 Ba6 19. Qc2 bxc3 20. bxc3 Bf6 21. e5 dxe5 22. Bxa8 Bxd3 23. Qa4 Bxf1 24. Kxf1 Qxa8 25. Qxa8 Rxa8 26. Rb5 Be7 0-1

[Event "GER-chT North U14"]
[Site "Magdeburg"]
[Date "2012.09.08"]
[Round "5.3"]
[White "Garibyar, Umran"]
[Black "Klein, Florian"]
[Result "0-1"]
[WhiteElo "1197"]
[BlackElo "1445"]
[PlyCount "94"]
[EventDate "2012.09.06"]
[EventType "team-swiss"]
[EventRounds "7"]
[EventCountry "GER"]
[SourceTitle "EXT 2015"]
[Source "ChessBase"]
[SourceDate "2014.11.20"]
[SourceVersion "1"]
[SourceVersionDate "2014.11.20"]
[SourceQuality "1"]
[WhiteTeam "Hamburg Diogenes"]
[BlackTeam "Lehrte"]
[WhiteTeamCountry "GER"]
[BlackTeamCountry "GER"]

1. d4 Nf6 2. Nf3 g6 3. c4 Bg7 4. Nc3 d6 5. e3 Bg4 6. d5 Nbd7 7. Be2 0-0 8. h3 Bf5 9. Rg1 Ne4 10. g4 Nxc3 11. bxc3 Bxc3+ 12. Kf1 Bxa1 13. gxf5 Bg7 14. fxg6 fxg6 15. Ng5 Nc5 16. Bg4 Bf6 17. Ne6 Nxe6 18. Bxe6+ Kh8 19. Qb3 Rb8 20. Bb2 Kg7 21. f4 c6 22. f5 Qb6 23. Bxf6+ Rxf6 24. Qxb6 axb6 25. Rg2 Ra8 26. Kg1 Ra3 27. h4 Rxe3 28. h5 Re4 29. hxg6 hxg6 30. fxg6 Rxg6 31. Rxg6+ Kxg6 32. dxc6 bxc6 33. Bh3 Rxc4 34. Bf1 Rc1 35. Kf2 Rxf1+ 36. Kxf1 Kf5 37. Ke2 Ke4 38. Kd2 Kd4 39. a3 e5 40. Kc2 b5 41. Kd2 e4 42. Ke2 c5 43. Kd2 c4 44. Ke2 c3 45. Kd1 e3 46. a4 bxa4 47. Kc1 e2 0-1

[Event "GER-chT North U14"]
[Site "Magdeburg"]
[Date "2012.09.06"]
[Round "1.3"]
[White "Klein, Florian"]
[Black "Huebner, Alan Ari"]
[Result "0-1"]
[WhiteElo "1445"]
[BlackElo "1838"]
[PlyCount "128"]
[EventDate "2012.09.06"]
[EventType "team-swiss"]
[EventRounds "7"]
[EventCountry "GER"]
[SourceTitle "EXT 2015"]
[Source "ChessBase"]
[SourceDate "2014.11.20"]
[SourceVersion "1"]
[SourceVersionDate "2014.11.20"]
[SourceQuality "1"]
[WhiteTeam "Lehrte"]
[BlackTeam "Berlin Makkabi"]
[WhiteTeamCountry "GER"]
[BlackTeamCountry "GER"]

1. d4 d5 2. c4 dxc4 3. Nc3 a6 4. e3 Nf6 5. Nf3 Bg4 6. Bxc4 e6 7. 0-0 Nc6 8. d5 Na5 9. Qa4+ c6 10. dxc6 Nxc6 11. Ne5 Qc7 12. Bb5 Qxe5 13. Bxc6+ Ke7 14. Qb4+ Kd8 15. Qb6+ Qc7 16. Qxb7 Ra7 17. Qxc7+ Rxc7 18. Be4 Bb4 19. Bd2 Kc8 20. Bd3 Kb7 21. f3 Bh5 22. a3 Ba5 23. b4 Bb6 24. Rfd1 Bxe3+ 25. Bxe3 Rxc3 26. Bd4 Rcc8 27. Be5 Bg6 28. Bxg6 hxg6 29. Bxf6 gxf6 30. Rd7+ Rc7 31. Rxc7+ Kxc7 32. Rd1 Kc6 33. a4 Rb8 34. Rb1 Rb7 35. Kf2 Kd5 36. Ke3 Kc4 37. b5 a5 38. b6 Kc5 39. Rb5+ Kc6 40. Rxa5 Rxb6 41. Ra7 Rb7 42. Rxb7 Kxb7 43. Kd4 Kb6 44. a5+ Kxa5 45. Kc5 f5 46. Kd6 Kb4 47. Ke7 e5 48. Kxf7 e4 49. Kxg6 e3 50. Kxf5 e2 51. h4 e1Q 52. Kg4 Kc5 53. g3 Qe6+ 54. Kg5 Kd4 55. g4 Qd5+ 56. Kh6 Qxf3 57. g5 Qf4 58. h5 Ke5 59. Kg6 Ke6 60. Kh6 Kf5 61. Kh7 Qxg5 62. h6 Kf6 63. Kh8 Qxh6+ 64. Kg8 Qg7# 0-1